Measuring performance for business results

Αποθηκεύτηκε σε:
Λεπτομέρειες βιβλιογραφικής εγγραφής
Κύριος συγγραφέας: Zairi, Mohamed
Μορφή: Βιβλίο
Γλώσσα:English
Δημοσίευση: London, Glasgow : Chapman & Hall, 1994
Θέματα:
Ετικέτες: Προσθήκη ετικέτας
Δεν υπάρχουν, Καταχωρήστε ετικέτα πρώτοι!

MARC

LEADER 00000nam a2200000 i 4500
001 1/21670
008 960709s1994 eng d
020 |a 0-412-57400-4 
035 |l 10021756 
040 |a GR-MY-UA  |b gre  |e aacr 
041 0 |a eng 
082 0 |a 658.562 
100 1 |a Zairi, Mohamed. 
245 1 0 |a Measuring performance for business results /  |c Mohamed Zairi 
260 |a London, Glasgow :   |b Chapman & Hall,   |c 1994 
300 |a 310 p. 
500 |a Includes bibliographical references and index 
650 0 0 |a Total quality management  |x Evaluation. 
650 0 0 |a Benchmarking (Management) 
650 0 0 |a Performance  |x Evaluation. 
852 |a INST  |b CHIOS  |e 19960709  |h 658.562 ZAI  |p 005200003567  |q 005200003567  |t BK  |y 0 
909 |a Χ  |b 037828